[Event "Titled Tuesday 2021.01.19"]
[Site "chess.com INT"]
[Date "2021.01.19"]
[Round "7"]
[White "Jakubowski, K."]
[Black "Yang, Kaiqi"]
[Result "1-0"]
[WhiteElo "2497"]
[BlackElo "2481"]
[PlyCount "63"]
[EventDate "2021.01.19"]
[EventType "swiss (blitz)"]
[EventRounds "11"]
[EventCountry "NET"]
[Source "Mark Crowther"]
[SourceDate "2021.01.25"]

1. e4 d6 2. d4 Nf6 3. f3 Nbd7 4. Nc3 e5 5. Nge2 Be7 6. Be3 c6 7. Qd2 b5 8.
O-O-O b4 9. Nb1 a5 10. g4 O-O 11. Ng3 exd4 12. Bxd4 c5 13. Be3 a4 14. g5 Ne8
15. Nf5 b3 16. cxb3 axb3 17. a3 Ne5 18. Qg2 Bxf5 19. exf5 d5 20. f4 Nc6 21. f6
Nxf6 22. gxf6 Bxf6 23. Qxd5 Qc8 24. Bg2 Nb4 25. axb4 cxb4+ 26. Qc5 Ra2 27. Rd2
Qg4 28. Bb7 h5 29. Qxb4 Rb8 30. Qxb3 Ra1 31. Qd5 Qh3 32. Re1 1-0

[Event "Titled Tuesday 2021.01.19"]
[Site "chess.com INT"]
[Date "2021.01.19"]
[Round "8"]
[White "Yang, Kaiqi"]
[Black "Quintiliano Pinto, R."]
[Result "1-0"]
[WhiteElo "2481"]
[BlackElo "2469"]
[PlyCount "105"]
[EventDate "2021.01.19"]
[EventType "swiss (blitz)"]
[EventRounds "11"]
[EventCountry "NET"]
[Source "Mark Crowther"]
[SourceDate "2021.01.25"]

1. d4 Nf6 2. Nf3 e6 3. e3 b6 4. Bd3 Bb7 5. b3 d5 6. Bb2 Bb4+ 7. Nbd2 Nbd7 8.
O-O O-O 9. Ne5 Nxe5 10. dxe5 Nd7 11. Qh5 g6 12. Qe2 a5 13. a3 Be7 14. e4 Nc5
15. Rad1 Nxd3 16. cxd3 Ba6 17. exd5 Qxd5 18. Ne4 Qxb3 19. Bd4 Rfd8 20. Qe3 Qd5
21. Ba1 Kg7 22. Nf6 Bxf6 23. exf6+ Kh8 24. Rfe1 Bb7 25. f3 Qh5 26. Qf4 Qc5+ 27.
Kh1 Rd5 28. Rc1 Qf2 29. Qxc7 Rg5 30. Rg1 Rxg2 31. Rxg2 Qxf3 32. Rcg1 Rc8 33.
Qg3 Rc2 34. Qxf3 Bxf3 35. h3 Ra2 36. Be5 Re2 37. d4 Ra2 38. Kh2 Bxg2 39. Rxg2
Rxa3 40. Rc2 h5 41. Rc8+ Kh7 42. Rf8 Ra2+ 43. Kg3 Ra3+ 44. Kf4 Rxh3 45. Rxf7+
Kh6 46. Rb7 g5+ 47. Ke4 Kg6 48. Rg7+ Kh6 49. f7 Rh4+ 50. Kd3 Rh3+ 51. Ke2 Rh2+
52. Kf1 Rh1+ 53. Kg2 1-0

[Event "Titled Tuesday 2021.01.19"]
[Site "chess.com INT"]
[Date "2021.01.19"]
[Round "9"]
[White "Manafov, Vugar"]
[Black "Yang, Kaiqi"]
[Result "1-0"]
[WhiteElo "2236"]
[BlackElo "2481"]
[PlyCount "131"]
[EventDate "2021.01.19"]
[EventType "swiss (blitz)"]
[EventRounds "11"]
[EventCountry "NET"]
[Source "Mark Crowther"]
[SourceDate "2021.01.25"]

1. Nf3 e6 2. g3 f5 3. Bg2 Nf6 4. O-O d5 5. d3 Nc6 6. Nc3 Be7 7. e4 fxe4 8. dxe4
O-O 9. exd5 exd5 10. Bg5 Bg4 11. Bxf6 Bxf6 12. Qxd5+ Kh8 13. Nd2 Bxc3 14. bxc3
Qxd5 15. Bxd5 Rad8 16. Bxc6 bxc6 17. Nc4 Be2 18. Ne5 Bxf1 19. Rxf1 Rf6 20. Rb1
Kg8 21. Rb7 Re8 22. Nd3 Re2 23. Rxc7 Rxc2 24. Rxa7 Rf3 25. Ra8+ Rf8 26. Ra6
Rxc3 27. Nf4 c5 28. a4 c4 29. Rc6 Rc2 30. a5 Ra8 31. a6 h6 32. Nd5 Kh7 33. Nc7
Ra7 34. Nb5 Ra8 35. a7 Rb2 36. Nd6 Rxa7 37. Rxc4 Rf7 38. Nxf7 Kg6 39. Nd6 Kf6
40. Rc6 Ke5 41. Nc4+ Kd5 42. Nxb2 Kxc6 43. Kg2 Kd5 44. Kf3 Ke5 45. Kg4 Kf6 46.
Nd3 g6 47. f4 h5+ 48. Kf3 Kf5 49. h3 Kf6 50. g4 h4 51. Ke4 g5 52. fxg5+ Kxg5
53. Ne1 Kh6 54. Nf3 Kg6 55. Nxh4+ Kg5 56. Nf3+ Kg6 57. h4 Kf6 58. h5 Kg7 59. g5
Kh8 60. Kf5 Kg7 61. h6+ Kh7 62. g6+ Kh8 63. g7+ Kg8 64. Kf6 Kh7 65. Ng5+ Kg8
66. h7# 1-0

[Event "Titled Tuesday 2021.01.19"]
[Site "chess.com INT"]
[Date "2021.01.19"]
[Round "10"]
[White "Yang, Kaiqi"]
[Black "Weetik, V."]
[Result "0-1"]
[WhiteElo "2481"]
[BlackElo "2423"]
[PlyCount "104"]
[EventDate "2021.01.19"]
[EventType "swiss (blitz)"]
[EventRounds "11"]
[EventCountry "NET"]
[Source "Mark Crowther"]
[SourceDate "2021.01.25"]

1. d4 d6 2. Nf3 c6 3. e3 h6 4. b3 g5 5. Bb2 Bg7 6. Bd3 Nd7 7. Nbd2 Nf8 8. Qe2
Nf6 9. e4 Ng6 10. g3 g4 11. Ng1 e5 12. f4 exf4 13. gxf4 Nxf4 14. Qf1 N6h5 15.
O-O-O O-O 16. Kb1 f5 17. Bc4+ Kh8 18. e5 b5 19. Ne2 Nxe2 20. Bxe2 f4 21. Ne4 f3
22. Bd3 d5 23. Nd6 Be6 24. Qf2 Nf4 25. Bf1 a5 26. Bc1 a4 27. h3 Nxh3 28. Bxh3
gxh3 29. Rd3 axb3 30. cxb3 Qa5 31. a3 Bg4 32. Qh4 h5 33. Rxh3 Kg8 34. Rh1 f2
35. Rf1 b4 36. Rxf2 bxa3 37. Ka2 Rxf2+ 38. Qxf2 Rf8 39. Qc2 Qe1 40. Bd2 Qf1 41.
Qxc6 Rf2 42. Qxd5+ Kh8 43. Nf7+ Rxf7 44. e6 Qxd3 45. exf7 Qxd2+ 46. Kxa3 Qc1+
47. Ka4 Qc8 48. b4 Qd7+ 49. Qxd7 Bxd7+ 50. b5 h4 51. Kb4 h3 52. b6 Bc8 0-1

[Event "Titled Tuesday 2020.11.24"]
[Site "chess.com INT"]
[Date "2020.11.24"]
[Round "2"]
[White "Ashiev, Eduard"]
[Black "Yang, Kaiqi"]
[Result "0-1"]
[WhiteElo "2202"]
[BlackElo "2481"]
[PlyCount "84"]
[EventDate "2020.11.24"]
[EventType "swiss (blitz)"]
[EventRounds "11"]
[EventCountry "NET"]
[Source "Mark Crowther"]
[SourceDate "2020.11.30"]

1. d4 e6 2. e4 d5 3. Nc3 Bb4 4. exd5 exd5 5. Bd3 Nf6 6. Nge2 c6 7. O-O O-O 8.
h3 Re8 9. Ng3 g6 10. Qf3 Nbd7 11. Bg5 Bf8 12. Rae1 Rxe1 13. Rxe1 h6 14. Bf4 Bg7
15. Nce2 Nf8 16. c3 a5 17. Be5 Ne6 18. Nf4 Nxf4 19. Qxf4 Bd7 20. h4 h5 21. f3
a4 22. a3 Qe7 23. Re2 Be6 24. Qg5 Re8 25. f4 Ng4 26. Qxe7 Rxe7 27. Bxg7 Kxg7
28. f5 gxf5 29. Nxf5+ Bxf5 30. Rxe7 Bxd3 31. Rxb7 Bb5 32. Re7 Kg6 33. g3 f6 34.
Kg2 Kf5 35. Kf3 Nh2+ 36. Ke3 Ng4+ 37. Kf3 Bd3 38. Rc7 Bb5 39. Rh7 Kg6 40. Re7
Nh6 41. Kf4 Nf5 42. Ra7 Nd6 0-1

[Event "Titled Tuesday 2020.11.17"]
[Site "chess.com INT"]
[Date "2020.11.17"]
[Round "3"]
[White "Yang, Kaiqi"]
[Black "Amorim, Daniel Madson"]
[Result "1-0"]
[WhiteElo "2481"]
[BlackElo "2143"]
[PlyCount "63"]
[EventDate "2020.11.17"]
[EventType "swiss (blitz)"]
[EventRounds "11"]
[EventCountry "NET"]
[Source "Mark Crowther"]
[SourceDate "2020.11.23"]

1. d4 Nf6 2. Nf3 d5 3. e3 e6 4. Bd3 Bd6 5. b3 Ne4 6. Bb2 f5 7. c4 c6 8. O-O O-O
9. Nbd2 Bd7 10. Ne5 Be8 11. f3 Nxd2 12. Qxd2 Nd7 13. Rad1 Qf6 14. f4 Qh6 15.
Rf3 Nxe5 16. dxe5 Bc5 17. cxd5 cxd5 18. Rc1 Bb6 19. a4 Bd7 20. a5 Bd8 21. Bd4
b6 22. b4 Qh4 23. Ba6 Qe7 24. Bb7 Rb8 25. a6 Bb5 26. Rf2 Rf7 27. Qb2 Qf8 28.
Rfc2 Be7 29. Rc8 Rxc8 30. Rxc8 Bd8 31. Bxb6 axb6 32. a7 1-0

[Event "Titled Tuesday 2020.11.17"]
[Site "chess.com INT"]
[Date "2020.11.17"]
[Round "4"]
[White "Rusan, P."]
[Black "Yang, Kaiqi"]
[Result "1/2-1/2"]
[WhiteElo "2106"]
[BlackElo "2481"]
[PlyCount "89"]
[EventDate "2020.11.17"]
[EventType "swiss (blitz)"]
[EventRounds "11"]
[EventCountry "NET"]
[Source "Mark Crowther"]
[SourceDate "2020.11.23"]

1. e4 d5 2. exd5 Qxd5 3. Nc3 Qd6 4. d4 c6 5. Nf3 Nf6 6. Ne5 Nbd7 7. f4 Nb6 8.
g4 g6 9. g5 Nfd5 10. Ne4 Qd8 11. c4 Nb4 12. a3 Qxd4 13. Qe2 Bf5 14. Bg2 Bxe4
15. Bxe4 Na6 16. Bg2 Qd6 17. Be3 Bg7 18. Rd1 Qc7 19. Bd4 Rd8 20. Nxc6 bxc6 21.
Bxg7 Rxd1+ 22. Qxd1 Rg8 23. Be5 Qd7 24. Qxd7+ Kxd7 25. b3 Nc5 26. Kf2 Nd3+ 27.
Ke3 Nxe5 28. fxe5 c5 29. Bh3+ e6 30. Rd1+ Ke7 31. Rd6 Rd8 32. Rxd8 Kxd8 33. Bg2
Nd7 34. Kf4 Kc7 35. b4 Kb6 36. Bf1 a5 37. b5 Kc7 38. Be2 Kd8 39. Ke4 Ke7 40. h3
Nb6 41. h4 Ke8 42. Bd3 Ke7 43. Be2 Ke8 44. Bd3 Ke7 45. Be2 1/2-1/2

[Event "Titled Tuesday 2020.11.17"]
[Site "chess.com INT"]
[Date "2020.11.17"]
[Round "5"]
[White "Gabrielian, A."]
[Black "Yang, Kaiqi"]
[Result "1-0"]
[WhiteElo "2458"]
[BlackElo "2481"]
[PlyCount "95"]
[EventDate "2020.11.17"]
[EventType "swiss (blitz)"]
[EventRounds "11"]
[EventCountry "NET"]
[Source "Mark Crowther"]
[SourceDate "2020.11.23"]

1. d4 e6 2. c4 f5 3. g3 Nf6 4. Bg2 c6 5. Nh3 d6 6. O-O Be7 7. Nc3 O-O 8. Bg5
Nbd7 9. Nf4 Nb6 10. Qb3 h6 11. Bxf6 Bxf6 12. e3 d5 13. cxd5 exd5 14. Na4 Nxa4
15. Qxa4 g5 16. Nd3 Bg7 17. f4 Qe7 18. Ne5 Bxe5 19. fxe5 Be6 20. Qc2 Rf7 21.
Rf2 Raf8 22. Raf1 Kg7 23. a3 a5 24. Bf3 f4 25. Bh5 Bf5 26. Qd2 fxg3 27. hxg3
Bg6 28. Bxg6 Kxg6 29. Qxa5 Rxf2 30. Rxf2 Rxf2 31. Kxf2 Qf7+ 32. Kg2 Qf5 33. Qd2
Qe4+ 34. Kf2 h5 35. Qe2 g4 36. Kg1 Qb1+ 37. Kh2 Qf5 38. a4 Kg5 39. Kg1 h4 40.
gxh4+ Kh5 41. Qf2 Qb1+ 42. Kh2 Qd1 43. e6 Qd3 44. e7 Qe4 45. Qf7+ Kxh4 46. Qf6+
Kh5 47. Qe5+ Qxe5+ 48. dxe5 1-0

[Event "Titled Tuesday 2020.11.17"]
[Site "chess.com INT"]
[Date "2020.11.17"]
[Round "6"]
[White "Yang, Kaiqi"]
[Black "Belenkaya, Dina"]
[Result "1-0"]
[WhiteElo "2481"]
[BlackElo "2283"]
[PlyCount "121"]
[EventDate "2020.11.17"]
[EventType "swiss (blitz)"]
[EventRounds "11"]
[EventCountry "NET"]
[Source "Mark Crowther"]
[SourceDate "2020.11.23"]

1. d4 d5 2. Nf3 Nf6 3. e3 c5 4. dxc5 Nc6 5. a3 e5 6. b4 Bg4 7. Be2 e4 8. Nd4
Bxe2 9. Qxe2 a5 10. Bb2 Qd7 11. Nxc6 bxc6 12. Bxf6 gxf6 13. c3 Rg8 14. O-O Qh3
15. g3 h5 16. Nd2 h4 17. Rfe1 Bh6 18. Qf1 Qf5 19. c4 Qe5 20. cxd5 axb4 21. Nc4
Qg5 22. axb4 Rxa1 23. Rxa1 cxd5 24. Ra8+ Ke7 25. Rxg8 Qxg8 26. Nb6 d4 27. exd4
e3 28. Nd5+ Kf8 29. Nxe3 hxg3 30. Qg2 gxf2+ 31. Kf1 Bxe3 32. Qa8+ Kg7 33. Qxg8+
Kxg8 34. c6 Bf4 35. b5 Bc7 36. Kxf2 Kf8 37. h4 Ke7 38. h5 Bf4 39. b6 Kd6 40. b7
Kc7 41. d5 f5 42. Kf3 Be5 43. h6 f4 44. Ke4 f5+ 45. Kf3 Bd6 46. h7 Be5 47. d6+
Bxd6 48. h8=Q Kxc6 49. b8=Q Kd5 50. Qxd6+ Kxd6 51. Qf6+ Kd5 52. Qxf5+ Kd4 53.
Qxf4+ Kd3 54. Qe5 Kc2 55. Qd4 Kb1 56. Qc4 Kb2 57. Ke2 Ka1 58. Qb4 Ka2 59. Kd2
Ka1 60. Kc2 Ka2 61. Qb2# 1-0

[Event "Titled Tuesday 2020.11.17"]
[Site "chess.com INT"]
[Date "2020.11.17"]
[Round "7"]
[White "Yang, Kaiqi"]
[Black "Dzhaparov, Medet"]
[Result "1-0"]
[WhiteElo "2481"]
[BlackElo "1730"]
[PlyCount "79"]
[EventDate "2020.11.17"]
[EventType "swiss (blitz)"]
[EventRounds "11"]
[EventCountry "NET"]
[Source "Mark Crowther"]
[SourceDate "2020.11.23"]

1. d4 Nf6 2. Nf3 g6 3. Nbd2 d5 4. e3 Bg7 5. b4 O-O 6. Be2 c6 7. a4 Bf5 8. c4
Ne4 9. Nxe4 Bxe4 10. O-O dxc4 11. Bxc4 Nd7 12. Bb2 Bxf3 13. Qxf3 e5 14. Rfd1
Qe7 15. b5 exd4 16. Bxd4 Bxd4 17. Rxd4 Ne5 18. Qe4 Qf6 19. bxc6 Nxc4 20. cxb7
Rae8 21. Qc2 Na5 22. Rb1 Nxb7 23. g3 Rc8 24. Qe4 Nc5 25. Qg4 h5 26. Qe2 Rfe8
27. Qb5 Ne4 28. Qb2 Qf3 29. Rf1 h4 30. gxh4 Rc5 31. Qb7 Rh5 32. Qd7 Rf8 33. Qe7
Qg4+ 34. Kh1 Qf3+ 35. Kg1 Kg7 36. Qxe4 Qf6 37. Kh1 Rxh4 38. Qxh4 Qf3+ 39. Kg1
Rh8 40. Qg3 1-0

[Event "Titled Tuesday 2020.11.17"]
[Site "chess.com INT"]
[Date "2020.11.17"]
[Round "8"]
[White "Golubev, M."]
[Black "Yang, Kaiqi"]
[Result "1-0"]
[WhiteElo "2461"]
[BlackElo "2481"]
[PlyCount "83"]
[EventDate "2020.11.17"]
[EventType "swiss (blitz)"]
[EventRounds "11"]
[EventCountry "NET"]
[Source "Mark Crowther"]
[SourceDate "2020.11.23"]

1. e4 c6 2. d4 d5 3. Nc3 dxe4 4. Nxe4 Bf5 5. Ng3 Bg6 6. c3 Nf6 7. Nh3 e6 8. Nf4
Bd6 9. h4 Bxf4 10. Bxf4 h6 11. h5 Bh7 12. Be2 Nd5 13. Bd2 Nd7 14. c4 N5f6 15.
O-O O-O 16. Bf4 Qa5 17. a3 Ne4 18. b4 Qb6 19. Nxe4 Bxe4 20. Qd2 Rfe8 21. Qe3
Bf5 22. Rfd1 Nf6 23. Bf3 a5 24. Bd6 Qd8 25. Be5 Nd7 26. Bf4 Qe7 27. b5 Rac8 28.
bxc6 bxc6 29. Ra2 Nb6 30. Qc3 Qa7 31. a4 Qa6 32. Be2 c5 33. dxc5 Rxc5 34. Be3
Nd5 35. Rxd5 exd5 36. Bxc5 Qb7 37. Rd2 Qb1+ 38. Kh2 Qe1 39. Bf3 dxc4 40. Be3
Bd3 41. Rxd3 cxd3 42. Qxe1 1-0

[Event "Titled Tuesday 2020.11.17"]
[Site "chess.com INT"]
[Date "2020.11.17"]
[Round "10"]
[White "Yang, Kaiqi"]
[Black "Ben Artzi, Ido"]
[Result "1/2-1/2"]
[WhiteElo "2481"]
[BlackElo "2359"]
[PlyCount "128"]
[EventDate "2020.11.17"]
[EventType "swiss (blitz)"]
[EventRounds "11"]
[EventCountry "NET"]
[Source "Mark Crowther"]
[SourceDate "2020.11.23"]

1. d4 Nf6 2. Nf3 g6 3. Nbd2 Bg7 4. e4 O-O 5. e5 Ne8 6. Bd3 d6 7. exd6 cxd6 8.
O-O Nc6 9. c3 e5 10. dxe5 dxe5 11. Bb5 Nc7 12. Bxc6 bxc6 13. Qa4 Ba6 14. Re1
Bb5 15. Qa3 Re8 16. Ne4 Qe7 17. Qxe7 Rxe7 18. Bg5 Re6 19. Rad1 f6 20. Rd7 Nd5
21. Nc5 Re7 22. Rxe7 Nxe7 23. Bd2 Kf7 24. b3 a5 25. c4 Ba6 26. a4 Bf8 27. Bxa5
Bxc4 28. Bd2 Bd5 29. b4 Nf5 30. a5 Nd6 31. Rc1 Nc4 32. Be1 Bxc5 33. bxc5 Ra6
34. Ra1 Ke6 35. Nd2 Nxd2 36. Bxd2 Bc4 37. Be3 f5 38. f3 e4 39. fxe4 fxe4 40.
Kf2 Kd5 41. Rd1+ Bd3 42. Ra1 Ra8 43. Ke1 Rf8 44. Kd2 Rb8 45. a6 Ra8 46. a7 Ke6
47. Kc3 Kd7 48. Kd4 Kc7 49. Ke5 Kb7 50. Kf6 Rxa7 51. Rxa7+ Kxa7 52. Kg7 Bf1 53.
g3 h5 54. Kxg6 Be2 55. Kg5 Ka6 56. h3 Kb5 57. g4 hxg4 58. hxg4 Kc4 59. Kf4 Kd3
60. g5 Bh5 61. Bg1 Bg6 62. Be3 Bh5 63. Bg1 Bg6 64. Be3 Bh5 1/2-1/2

[Event "Titled Tuesday 2020.11.17"]
[Site "chess.com INT"]
[Date "2020.11.17"]
[Round "11"]
[White "Balaji, Aaravamudhan"]
[Black "Yang, Kaiqi"]
[Result "0-1"]
[WhiteElo "2206"]
[BlackElo "2481"]
[PlyCount "76"]
[EventDate "2020.11.17"]
[EventType "swiss (blitz)"]
[EventRounds "11"]
[EventCountry "NET"]
[Source "Mark Crowther"]
[SourceDate "2020.11.23"]

1. d4 e6 2. c4 f5 3. Nc3 Nf6 4. g3 Bb4 5. Bg2 O-O 6. Nf3 Ne4 7. Qc2 Nc6 8. O-O
Bxc3 9. bxc3 b6 10. Nd2 Nxd2 11. Bxd2 Bb7 12. e4 Na5 13. c5 Qe7 14. c4 fxe4 15.
Bxe4 Bxe4 16. Qxe4 Nxc4 17. Bf4 c6 18. Rac1 b5 19. a4 a6 20. Rfd1 Qf6 21. Rc2
Qf5 22. Qe2 Qd5 23. Be5 Rf5 24. Qg4 Rf7 25. Re2 Qf3 26. Qxf3 Rxf3 27. Ra1 Ra3
28. Rxa3 Nxa3 29. a5 Nc4 30. Bc7 Rc8 31. Bb6 Rf8 32. f4 Rf5 33. Kf2 g5 34. Kf3
Kf7 35. Ke4 gxf4 36. gxf4 Rh5 37. Rf2 Rh3 38. Bc7 Re3# 0-1

[Event "Speed Chess Super Swiss"]
[Site "chess.com INT"]
[Date "2020.10.03"]
[Round "2"]
[White "Yang, Kaiqi"]
[Black "Barrientos, S."]
[Result "1-0"]
[WhiteElo "2481"]
[BlackElo "2457"]
[PlyCount "59"]
[EventDate "2020.10.03"]
[EventType "swiss (blitz)"]
[EventRounds "15"]
[EventCountry "NET"]
[Source "Mark Crowther"]
[SourceDate "2020.10.05"]

1. e4 c5 2. Nc3 Nc6 3. Bb5 d6 4. Bxc6+ bxc6 5. f4 e5 6. Nf3 f6 7. d3 Ne7 8. O-O
Be6 9. b3 Qd7 10. Qe1 g6 11. fxe5 dxe5 12. Nd2 Bg7 13. Nc4 O-O 14. Be3 f5 15.
Bxc5 f4 16. Kh1 g5 17. Rd1 Bg4 18. Rd2 Qe6 19. d4 exd4 20. Bxd4 Ng6 21. Bxg7
Kxg7 22. Rd6 Qe7 23. Rxc6 f3 24. Nd5 Qa3 25. Qc3+ Kh6 26. gxf3 Bh3 27. Nxa3
Bxf1 28. Rc7 Rg8 29. Nf6 Rg7 30. Ng4+ 1-0

[Event "Speed Chess Super Swiss"]
[Site "chess.com INT"]
[Date "2020.10.03"]
[Round "3"]
[White "Dhulipalla, Bala Chandra Prasad"]
[Black "Yang, Kaiqi"]
[Result "0-1"]
[WhiteElo "2441"]
[BlackElo "2481"]
[PlyCount "138"]
[EventDate "2020.10.03"]
[EventType "swiss (blitz)"]
[EventRounds "15"]
[EventCountry "NET"]
[Source "Mark Crowther"]
[SourceDate "2020.10.05"]

1. d4 d5 2. Bf4 Nf6 3. e3 c5 4. Nf3 Nc6 5. Nbd2 Qb6 6. dxc5 Qxc5 7. c4 e6 8. a3
Qb6 9. b4 Be7 10. c5 Qd8 11. h3 O-O 12. Rc1 a5 13. bxa5 Rxa5 14. a4 Rxc5 15.
Bb5 Rxc1 16. Qxc1 Bd7 17. O-O Qa5 18. Nb3 Qa7 19. Nbd4 Nxd4 20. Nxd4 Rc8 21.
Qb1 h6 22. Be5 Bxb5 23. Qxb5 Rc5 24. Qb3 Ne4 25. Qb2 Bf8 26. Ra1 Rc4 27. a5 f6
28. Bh2 e5 29. Ne2 Bb4 30. Qb3 Qc5 31. g4 Kh8 32. a6 bxa6 33. Rxa6 Rc2 34. Qd3
Rd2 35. Ra8+ Kh7 36. Qa6 Rxe2 37. Qxe2 Qc6 38. Ra6 Qc1+ 39. Kg2 Nc3 40. Qf1 Qd2
41. Ra1 Bc5 42. Qc1 Qxc1 43. Rxc1 d4 44. exd4 exd4 45. Bf4 Ba3 46. Rc2 Bb4 47.
Bd2 Kg6 48. Rb2 Bc5 49. Bxc3 dxc3 50. Rc2 Bd4 51. Kf3 f5 52. Kf4 fxg4 53. hxg4
Bf6 54. f3 Kf7 55. Ke4 Ke6 56. Ra2 Kd6 57. f4 Kc5 58. Kf5 Kc4 59. g5 hxg5 60.
fxg5 Bd4 61. Ra7 c2 62. Rc7+ Bc5 63. Rxg7 c1=Q 64. Kg6 Qc2+ 65. Kh6 Qh2+ 66.
Kg6 Kd5 67. Kf7 Qf4+ 68. Kg8 Ke6 69. Rf7 Qxf7+ 0-1

[Event "Speed Chess Super Swiss"]
[Site "chess.com INT"]
[Date "2020.10.03"]
[Round "4"]
[White "Yang, Kaiqi"]
[Black "Smirnov, P."]
[Result "0-1"]
[WhiteElo "2481"]
[BlackElo "2544"]
[PlyCount "64"]
[EventDate "2020.10.03"]
[EventType "swiss (blitz)"]
[EventRounds "15"]
[EventCountry "NET"]
[Source "Mark Crowther"]
[SourceDate "2020.10.05"]

1. e4 c5 2. Nc3 Nc6 3. Bb5 Nd4 4. Nf3 a6 5. Be2 g6 6. Nxd4 cxd4 7. Nb1 Bg7 8.
d3 Nf6 9. Nd2 O-O 10. a4 d5 11. exd5 Nxd5 12. Nc4 Bd7 13. a5 Bc6 14. Bf3 e5 15.
O-O Qc7 16. Re1 Rfe8 17. Bxd5 Bxd5 18. Nb6 Rad8 19. Nxd5 Rxd5 20. Bd2 Qc6 21.
Qf3 Rc8 22. c4 dxc3 23. Bxc3 Qd7 24. Rad1 Rd8 25. g3 Qb5 26. Qe4 f5 27. Qh4 h6
28. Qe7 R8d7 29. Qe6+ Kh7 30. h4 h5 31. Qe8 R7d6 32. f4 Qxe8 0-1

[Event "PNWCC Masters 2020.07"]
[Site "chess.com INT"]
[Date "2020.07.05"]
[Round "6.13"]
[White "Yang, Kaiqi"]
[Black "Bernadskiy, Vitaliy"]
[Result "1/2-1/2"]
[WhiteElo "2481"]
[BlackElo "2629"]
[PlyCount "198"]
[EventDate "2020.07.04"]
[EventType "swiss"]
[EventRounds "9"]
[EventCountry "NET"]
[Source "ChessMix"]
[SourceDate "2020.07.10"]

1. e4 c5 2. Nf3 d6 3. Bb5+ Nd7 4. c3 Ngf6 5. Qe2 a6 6. Ba4 b5 7. Bc2 e5 8. O-O
Be7 9. d4 O-O 10. Rd1 Qc7 11. a4 b4 12. a5 Rb8 13. dxe5 Nxe5 14. Nbd2 Nfd7 15.
Nc4 Nxc4 16. Qxc4 Ne5 17. Nxe5 dxe5 18. Be3 bxc3 19. bxc3 Rb5 20. Qa4 Be6 21.
Rdb1 Rfb8 22. Rxb5 Rxb5 23. c4 Rb2 24. Qe8+ Bf8 25. Rd1 Qb8 26. Qxb8 Rxb8 27.
Bd3 Rd8 28. Rd2 Be7 29. h3 g6 30. Be2 Rb8 31. Ra2 Rb4 32. Bd2 Rb3 33. f3 h5 34.
Kf2 h4 35. Rc2 f6 36. Rc3 Rb2 37. Ke1 Bd8 38. Ra3 Kf7 39. Kd1 Rb1+ 40. Bc1 Bd7
41. Kc2 Rb7 42. Bd2 f5 43. Bd3 Ke6 44. Bc3 Bc6 45. Ra2 Rf7 46. Kd1 fxe4 47.
Bxe4 Bxe4 48. fxe4 Rf1+ 49. Ke2 Rg1 50. Kd3 Rb1 51. Ke2 Bc7 52. Kd3 Kd7 53. Ke2
Ke6 54. Kd3 g5 55. Ke2 Kf6 56. Kd3 Kg6 57. Bd2 Rb3+ 58. Bc3 Rb1 59. Bd2 g4 60.
hxg4 Rb3+ 61. Bc3 Kg5 62. Kc2 Rb8 63. Kd3 Kxg4 64. Rf2 Rd8+ 65. Ke2 Rd7 66. Rf6
Bd6 67. Rg6+ Kf4 68. Rh6 Kxe4 69. Rxh4+ Kf5 70. Rh5+ Kg6 71. Rh8 Bc7 72. Ra8
Rd6 73. Rc8 Rd7 74. Ra8 Rd6 75. Ke3 Rf6 76. Ra7 Bb8 77. Rb7 Bd6 78. Rb6 Kf5 79.
Rxa6 Rg6 80. Rb6 Rg3+ 81. Kf2 Rxc3 82. Rxd6 Rxc4 83. a6 Ke4 84. Rc6 Rc2+ 85.
Kf1 Kd5 86. Rc7 Ra2 87. a7 c4 88. g4 c3 89. Rxc3 Rxa7 90. Ke2 Kd4 91. Rb3 Ra2+
92. Ke1 e4 93. g5 e3 94. Rb8 Rg2 95. Rd8+ Ke4 96. Re8+ Kd3 97. Rd8+ Ke4 98.
Re8+ Kd3 99. Rd8+ Ke4 1/2-1/2

[Event "Titled Tuesday 2020.06.30"]
[Site "chess.com INT"]
[Date "2020.06.30"]
[Round "1"]
[White "Murzin, Volodar"]
[Black "Yang, Kaiqi"]
[Result "1-0"]
[WhiteElo "2465"]
[BlackElo "2481"]
[PlyCount "113"]
[EventDate "2020.06.30"]
[EventType "swiss (blitz)"]
[EventRounds "10"]
[EventCountry "NET"]
[Source "ChessMix"]
[SourceDate "2020.07.10"]

1. e4 e5 2. Nf3 Nc6 3. Bb5 a6 4. Ba4 Nf6 5. O-O Be7 6. Nc3 b5 7. Bb3 O-O 8. d3
d6 9. a3 Be6 10. Bxe6 fxe6 11. Be3 Ng4 12. Bd2 Qe8 13. h3 Nf6 14. Nh2 Nh5 15.
Qg4 Rf6 16. Bg5 Rg6 17. Qxh5 Bxg5 18. Qd1 Qf7 19. Ne2 Rf8 20. Kh1 Bd8 21. c3
Qe7 22. g3 Qg5 23. Ng1 Rgf6 24. Qe2 h5 25. h4 Qg6 26. Nh3 R6f7 27. Rg1 Qh6 28.
Raf1 Nb8 29. d4 Nd7 30. dxe5 Nxe5 31. f4 Nc4 32. Nf3 Qg6 33. Nhg5 Bxg5 34. hxg5
d5 35. exd5 exd5 36. Re1 Qf5 37. Rg2 Nd6 38. Nh4 Qg4 39. Qxg4 hxg4 40. Ng6 Re8
41. Rxe8+ Nxe8 42. Rh2 Rd7 43. Rh8+ Kf7 44. Ne5+ Ke7 45. Nxd7 Kxd7 46. f5 c5
47. Kg2 Nd6 48. f6 gxf6 49. g6 Nf5 50. Rh5 Ne7 51. g7 Ke6 52. Rh7 Kf7 53. g8=Q+
Kxg8 54. Rxe7 d4 55. cxd4 cxd4 56. Re4 f5 57. Rxd4 1-0

[Event "Titled Tuesday 2020.06.30"]
[Site "chess.com INT"]
[Date "2020.06.30"]
[Round "2"]
[White "Yang, Kaiqi"]
[Black "Swati, Mohota"]
[Result "1-0"]
[WhiteElo "2481"]
[BlackElo "2027"]
[PlyCount "83"]
[EventDate "2020.06.30"]
[EventType "swiss (blitz)"]
[EventRounds "10"]
[EventCountry "NET"]
[Source "ChessMix"]
[SourceDate "2020.07.10"]

1. e4 e6 2. d3 d5 3. Nd2 c5 4. Ngf3 Nc6 5. g3 Nf6 6. Bg2 Be7 7. O-O O-O 8. Re1
dxe4 9. dxe4 Qc7 10. c3 Rd8 11. Qc2 Ne5 12. Nxe5 Qxe5 13. Nf3 Qc7 14. Bf4 Qb6
15. a4 a5 16. Ne5 Bd7 17. Nc4 Qa6 18. Bf1 Qa7 19. Bc7 Rdc8 20. Bxa5 Bc6 21. Bb6
Qb8 22. a5 Nd7 23. e5 Bd5 24. f4 Bxc4 25. Bxc4 Nxb6 26. axb6 Rc6 27. Rxa8 Qxa8
28. f5 Rxb6 29. fxe6 fxe6 30. Qf5 Qc8 31. Rf1 Kh8 32. Qf7 Qd8 33. b3 Rc6 34.
Kg2 Rc7 35. Qf3 Qd2+ 36. Rf2 Qd8 37. Bxe6 Bg5 38. Bc4 Be7 39. h4 b6 40. Qf7 h6
41. h5 Bg5 42. Qf5 1-0

[Event "Titled Tuesday 2020.06.30"]
[Site "chess.com INT"]
[Date "2020.06.30"]
[Round "3"]
[White "Yang, Kaiqi"]
[Black "Kozlov, Gennady"]
[Result "1/2-1/2"]
[WhiteElo "2481"]
[BlackElo "2386"]
[PlyCount "193"]
[EventDate "2020.06.30"]
[EventType "swiss (blitz)"]
[EventRounds "10"]
[EventCountry "NET"]
[Source "ChessMix"]
[SourceDate "2020.07.10"]

1. e4 e6 2. d3 d5 3. Nd2 Nf6 4. Ngf3 Be7 5. g3 c5 6. Bg2 Nc6 7. O-O O-O 8. Re1
Qc7 9. e5 Nd7 10. Qe2 f6 11. exf6 Nxf6 12. Nf1 Bd6 13. c3 e5 14. Ne3 d4 15. Nc4
Bg4 16. h3 Bh5 17. g4 Bg6 18. Nh4 Rae8 19. Nxg6 hxg6 20. Bg5 b5 21. Nd2 dxc3
22. bxc3 b4 23. Bxf6 Rxf6 24. Ne4 Rf4 25. Qc2 bxc3 26. Qxc3 Nd4 27. Qc4+ Kh8
28. Re3 Ref8 29. Rb1 Be7 30. Qd5 Bh4 31. Rb7 Qd8 32. Rd7 Qa5 33. Qxe5 Bxf2+ 34.
Nxf2 R4f6 35. g5 Qb5 36. gxf6 Qxd7 37. Ne4 gxf6 38. Nxf6 Qg7 39. Nd7 Qxe5 40.
Rxe5 Rf7 41. Nxc5 Rc7 42. Ne4 Rc1+ 43. Kh2 Rc2 44. Kg3 Kg7 45. Re7+ Kf8 46.
Rxa7 Nf5+ 47. Kh2 Ne3 48. Kh1 Nxg2 49. Ng5 Ne1 50. Rf7+ Kg8 51. Re7 Nxd3 52. a4
Nf2+ 53. Kg1 Nd3 54. a5 Rc5 55. Ne4 Rxa5 56. Nf6+ Kf8 57. Rd7 Nf4 58. Kh2 Ra3
59. Nh7+ Ke8 60. Nf6+ Kf8 61. Nh7+ Kg8 62. Ng5 Ra5 63. h4 Nh5 64. Kh3 Ra3+ 65.
Kh2 Ra4 66. Kh3 Nf4+ 67. Kg3 Nh5+ 68. Kh3 Kf8 69. Rf7+ Ke8 70. Rb7 Nf4+ 71. Kg3
Nd5 72. Ne6 Nf6 73. Ng7+ Kf8 74. Ne6+ Ke8 75. Ng7+ Kd8 76. Ne6+ Kc8 77. Rg7
Rg4+ 78. Kh3 Re4 79. Ng5 Re3+ 80. Kh2 Re2+ 81. Kh3 Nh5 82. Rf7 Kd8 83. Nh7 Ke8
84. Ra7 Re3+ 85. Kh2 Re4 86. Kh3 Re3+ 87. Kh2 Nf4 88. Ng5 Re2+ 89. Kg3 Nh5+ 90.
Kf3 Rh2 91. Kg4 Rg2+ 92. Kf3 Rg1 93. Ne6 Re1 94. Ng7+ Nxg7 95. Rxg7 Rh1 96.
Rxg6 Rxh4 97. Rg4 1/2-1/2